J. A. Pye (Oxford) Ltd V United Kingdom (Record no. 76265)
[ view plain ]
| 000 -LEADER | |
|---|---|
| fixed length control field | 02098cab a2200229 4500 |
| 001 - CONTROL NUMBER | |
| control field | ##L131742 |
| 008 - FIXED-LENGTH DATA ELEMENTS--GENERAL INFORMATION | |
| fixed length control field | 051205n2005 000 0 eng u |
| 035 ## - SYSTEM CONTROL NUMBER | |
| System control number | (Sirsi) u131742 |
| 041 0# - LANGUAGE CODE | |
| Language code of text/sound track or separate title | eng |
| 245 00 - TITLE STATEMENT | |
| Title | J. A. Pye (Oxford) Ltd V United Kingdom |
| 250 ## - EDITION STATEMENT | |
| -- | 2005 |
| 260 ## - PUBLICATION, DISTRIBUTION, ETC. | |
| Date of publication, distribution, etc. | 2005 |
| 520 ## - SUMMARY, ETC. | |
| Summary, etc. | European Court of Human Rights Application No 44302/02, 15 November 2005. Considers whether UK law on adverse possession by which the applicant had lost its land to a neighbour, operated in violation of its right to peaceful enjoyment of possessions under Article 1 of the First Protocol to the Convention for the Protection of Human Rights and Fundamental Freedoms. In "J A Pye (Oxford) Ltd v Graham" ([2002] UKHL 30, [2002] 28 EG 129(CS)) HL allowed the licensee's (G) appeal holding that he had possession of the disputed land in the ordinary sense of the word so that the applicant (P) had been dispossessed within the meaning of the Limitation Act 1980. P applied to the ECHR. "Held": the application of the Land Registration Act 1925 and the 1980 Act to deprive P of title to the registered land constituted an interference by the state with P's Convention rights. Although it was the adverse possession that had led to P's loss of title, but for the provisions of the 1925 and 1980 Acts, the adverse possession would not have had any effect upon the applicant's title or upon its ability to repossess the land. Art 1 had been violated. As at April 2006 the decision has referred fo the Grand Chamber of the European Court of Human Rights for a final determination. |
| 590 ## - LOCAL NOTE (RLIN) | |
| Local note | IKA061205 |
| 650 24 - SUBJECT ADDED ENTRY--TOPICAL TERM | |
| Topical term or geographic name entry element | CONVENTION FOR THE PROTECTION OF HUMAN RIGHTS AND FUNDAMENTAL FREEDOMS FIRST PROTOCOL ART 1 |
| 650 24 - SUBJECT ADDED ENTRY--TOPICAL TERM | |
| Topical term or geographic name entry element | PYE (OXFORD) LTD & ANOR V UNITED KINGDOM |
| 650 24 - SUBJECT ADDED ENTRY--TOPICAL TERM | |
| Topical term or geographic name entry element | J A PYE (OXFORD) LTD V GRAHAM |
| 650 24 - SUBJECT ADDED ENTRY--TOPICAL TERM | |
| Topical term or geographic name entry element | LIMITATION ACT 1980 S15 |
| 690 ## - LOCAL SUBJECT ADDED ENTRY--TOPICAL TERM (OCLC, RLIN) | |
| Topical term or geographic name as entry element | PROPERTY-PROPERTY ACQUISITION AND DISPOSAL-REGISTRATION OF TITLE TO PROPERTY-LAND REGISTRATION |
| 856 40 - ELECTRONIC LOCATION AND ACCESS | |
| Uniform Resource Identifier | <a href="https://www.bailii.org/eu/cases/ECHR/2005/921.html">https://www.bailii.org/eu/cases/ECHR/2005/921.html</a> |
| Public note | View the judgment free of charge at www.bailii.org... |
| 942 ## - ADDED ENTRY ELEMENTS (KOHA) | |
| Suppress in OPAC | 0 |
| Withdrawn status | Lost status | Source of classification or shelving scheme | Damaged status | Not for loan | Home library | Current library | Shelving location | Date acquired | Total Checkouts | Full call number | Barcode | Date last seen | Copy number | Price effective from | Koha item type |
|---|---|---|---|---|---|---|---|---|---|---|---|---|---|---|---|
| Dewey Decimal Classification | Virtual | Virtual | Online | 05/12/2005 | ONLINE PUBLICATION | 131742-2001 | 06/08/2019 | 1 | 06/08/2019 | Law report |